000 00421nam a2200205Ia 4500
001 003014
003 YMCAF
005 20230512160202.0
008 100717s1970 ||||||||||||||||| ||und|d
024 _a3014
035 _a2990
040 _aYMCAF
_beng
_cIN-KoLT
041 _aeng
082 _aCHA-ROG
100 _aROGERS
245 0 _aCHARACTER & CAPABILITY
260 _c1970
300 _a285
942 _2ddc
_cBK
999 _c2339
_d2339